[Event "Peace Tournament 2019"]
[Site "Zagreb"]
[Date "2019.11.21"]
[Round "3.1"]
[White "Zelcic, Robert"]
[Black "Bosiocic, Marin"]
[Result "0-1"]
[WhiteElo "2526"]
[BlackElo "2598"]
[Annotator "TA"]
[PlyCount "72"]
[EventDate "2019.11.19"]
[EventType "tourn"]
[EventCountry "CRO"]
[SourceTitle "playchess.com"]
[Source "ChessBase"]
[SourceQuality "1"]

{[%evp 14,130,8,6,25,8,24,19,29,22,30,29,25,21,24,16,11,2,5,11,6,9,11,5,15,0,0,0,12,8,11,22,14,10,11,20,41,35,31,21,21,21,21,21,35,0,0,0,0,0,0,0,0,0,0,0,0,0,0,0,0,0,0,0,0,0,0,0,0,0,0,-175,0,-1433,-1362,-1804,-1545,-1120,-10607,-12830,-1395,-12837,-12836,-1914,-1872,-1548,0,-12841,-12842,-12845,-12845,-12846,-12847,-12850,-12845,-12845,-12846,-12846,0,0,0,0,0,0,0,0,0,0,0,0,0,0,0,-12851,-29983,-12851,-29984,-12851,-27999]} 1. e4 c5 2. Nf3 d6 3. Bb5+ Nd7 4. d4 cxd4 5. Qxd4 a6 6. Bxd7+ Bxd7 7. O-O e5 8. Qd3 Rc8 {White should prevent ...Bb5. B51: Sicilian: Moscow Variation (3 Bb5+) without 3...Bd7} 9. Nc3 h6 10. Nd2 Qc7 {The position is equal.} 11. Rd1 Nf6 12. Nf1 Bg4 13. Rd2 $146 ({Predecessor:} 13. f3 Be6 14. Ne3 Be7 15. Bd2 {1-0 (58) McShane,L (2667)-Grandelius,N (2678) Germany 2019}) 13... Be7 14. Ne3 Be6 15. Ncd5 Nxd5 16. Nxd5 Bxd5 17. Qxd5 Qc6 18. c3 O-O 19. Rd3 Qxd5 20. Rxd5 Rc4 21. f3 f5 22. exf5 Rxf5 23. Bd2 Rc6 24. b3 Bd8 25. Kf2 Bb6+ 26. Ke2 Kf7 27. c4 Ke6 28. Rd1 g5 29. h4 gxh4 30. Bxh6 Rf7 31. Be3 Bxe3 32. Kxe3 $11 {[%mdl 4096] Endgame KRR-KRR} b5 33. cxb5 axb5 34. Rxb5 h3 35. gxh3 Rc3+ 36. Rd3 Rxd3+ {Played: Rf7xf3} 0-1

[Event "Peace Tournament 2019"]
[Site "Zagreb"]
[Date "2019.11.21"]
[Round "3.2"]
[White "Dreev, Aleksey"]
[Black "Kozul, Zdenko"]
[Result "1/2-1/2"]
[WhiteElo "2671"]
[BlackElo "2593"]
[Annotator "TA"]
[PlyCount "56"]
[EventDate "2019.11.19"]
[EventType "tourn"]
[EventCountry "CRO"]
[SourceTitle "playchess.com"]
[Source "ChessBase"]
[SourceQuality "1"]

{[%evp 15,56,0,0,0,9,4,8,6,13,8,11,6,14,0,20,20,10,28,35,18,12,13,25,0,0,0,0,0,0,0,7,0,0,0,0,0,3,0,4,4,1,0,8]} 1. d4 Nf6 2. Nf3 g6 3. g3 d5 4. Bg2 Bg7 5. O-O O-O 6. c4 c6 7. Qb3 Qb6 8. Nc3 Rd8 9. Bd2 {D78: Fianchetto Grünfeld: 6 0-0 c6} Bg4 $146 ({Predecessor:} 9... dxc4 10. Qxc4 Be6 11. Qa4 Bf5 12. Rfe1 Ne4 13. Nxe4 Bxe4 14. Ba5 Qa6 15. Qa3 Re8 16. Bf1 c5 {½-½ (38) Tomashevsky,E (2718)-Nepomniachtchi,I (2776) Khanty-Mansiysk 2019}) 10. Na4 Qxb3 11. axb3 Nbd7 12. Rfd1 e6 13. Rac1 Ne8 14. e3 Nd6 15. h3 Bxf3 16. Bxf3 Bf8 17. Ba5 Rdc8 18. Be1 a6 19. Ba5 b5 {The position is equal.} 20. cxd5 cxd5 21. Nb6 Nxb6 22. Bxb6 b4 23. Be2 a5 24. Bd3 a4 25. bxa4 Rxa4 26. Bc5 Ra2 27. Bxb4 Rxb2 {[#] And now ...Rxc1 would win.} 28. Rb1 Rxb1 {Accuracy: White = 39%, Black = 55%.} 1/2-1/2

[Event "Peace Tournament 2019"]
[Site "Zagreb"]
[Date "2019.11.21"]
[Round "3.3"]
[White "Ivanchuk, Vassily"]
[Black "Nisipeanu, Liviu-Dieter"]
[Result "1-0"]
[WhiteElo "2679"]
[BlackElo "2656"]
[Annotator "TA"]
[PlyCount "77"]
[EventDate "2019.11.19"]
[EventType "tourn"]
[EventCountry "CRO"]
[SourceTitle "playchess.com"]
[Source "ChessBase"]
[SourceQuality "1"]

{[%evp 9,77,14,41,5,43,31,39,39,29,35,44,45,41,26,54,48,49,63,72,64,107,91,113,95,142,137,146,136,121,137,205,212,220,220,265,245,250,259,251,255,455,456,665,361,456,460,488,348,332,334,272,257,388,373,444,447,457,466,467,445,490,489,525,447,441,441,458,370,435,424]} 1. c4 e6 2. Nc3 d5 3. d4 c6 4. Nf3 Nf6 5. e3 a6 6. h3 {D45: Semi-Slav: 5 e3} (6. b3 Bb4 7. Bd2 Nbd7 8. Bd3 O-O 9. O-O Bd6 10. Re1 h6 11. e4 dxc4 12. bxc4 e5 13. c5 Bc7 14. Qc2 exd4 15. Ne2 Re8 16. Rad1 Qe7 {1-0 (52) Wojtaszek,R (2737)-Fridman,D (2638) Dortmund 2019}) 6... c5 7. cxd5 exd5 8. b3 {White is slightly better.} cxd4 $146 ({Predecessor:} 8... Nc6 9. Bb2 Bd6 10. dxc5 Bxc5 11. Bd3 O-O 12. O-O Re8 {1-0 (30) Wheeler,C (2384)-Checa,N (2474) Las Vegas 2017}) 9. Nxd4 Bb4 10. Bb2 Ne4 11. Qc2 Qa5 12. Nde2 O-O {White must now prevent ...d4!} 13. a3 $1 {[%cal Ra3b4]} Bxc3+ 14. Nxc3 Nf6 15. b4 Qc7 16. Bd3 d4 17. Ne4 Qxc2 18. Nxf6+ {[%mdl 64] [#] Discovered Attack} ({Don't play} 18. Bxc2 $6 Nxe4 19. Bxe4 dxe3 $14) 18... gxf6 19. Bxc2 dxe3 (19... Nc6 $16 {might work better.} 20. O-O (20. exd4 Re8+ 21. Kd2 Be6 $16) (20. Bxd4 Nxd4 21. exd4 Re8+ 22. Kd2 Be6 $16) 20... Be6 21. exd4 Rac8) 20. fxe3 $18 Re8 21. O-O Rxe3 22. Rxf6 Nd7 23. Rh6 Nf8 {[#]} 24. Rd1 $1 $40 {[%mdl 128] White attacks with force.} Re8 $2 (24... Be6) 25. Rd5 Be6 (25... a5 $142 26. bxa5 Ra6) 26. Rdh5 {[%cal Rc2h7]} Rec8 27. Be4 Rab8 28. Be5 {[%cal Re4h7]} Rc1+ 29. Kh2 Rbc8 30. Bxb7 Rd8 (30... R8c2 $142 31. Bxa6 Rd1) 31. Bxa6 Rdd1 32. Be2 Rh1+ 33. Kg3 Rb1 34. Bf3 Rb3 35. Bf6 Nd7 36. Be7 Rxa3 37. Rxh7 Bf5 38. Rh8+ ({Weaker is} 38. Rxf5 Kxh7 39. Rd5 (39. Rxf7+ Kg6 $16) 39... Nb6 $16) 38... Kg7 39. Rd8 {Accuracy: White = 74%, Black = 31%.} 1-0

[Event "Peace Tournament 2019"]
[Site "Zagreb"]
[Date "2019.11.21"]
[Round "3.4"]
[White "Melkumyan, Hrant"]
[Black "Ragger, Markus"]
[Result "1/2-1/2"]
[WhiteElo "2661"]
[BlackElo "2669"]
[Annotator "TA"]
[PlyCount "51"]
[EventDate "2019.11.19"]
[EventType "tourn"]
[EventCountry "CRO"]
[SourceTitle "playchess.com"]
[Source "ChessBase"]
[SourceQuality "1"]

{[%evp 19,51,22,32,0,0,0,7,0,1,0,0,0,0,0,0,0,0,0,0,0,0,0,0,0,0,0,0,0,0,-14,-8,-16,-17,-64]} 1. d4 Nf6 2. c4 g6 3. Nc3 d5 4. cxd5 Nxd5 5. e4 Nxc3 6. bxc3 Bg7 7. Bc4 c5 8. Ne2 O-O 9. O-O Nc6 10. Be3 b6 11. Qd2 {D87: Exchange Grünfeld: Classical Line: Variations without ...cxd4} (11. dxc5 Qc7 12. Nd4 Ne5 13. Nb5 Qb8 14. Bd5 Ng4 15. g3 Nxe3 16. fxe3 a6 17. Nd4 bxc5 18. Rb1 Qa7 {1-0 (51) Karjakin,S (2750)-Vachier Lagrave,M (2778) Saint Louis 2019}) 11... Bb7 {The position is equal.} 12. Rac1 Rc8 13. Rfd1 e6 14. Bg5 Qd7 $146 ({Predecessor:} 14... Qd6 15. e5 Qd7 16. Bf6 cxd4 17. Bxg7 Kxg7 18. cxd4 Na5 {½-½ (41) Roubalik,J (2405)-Zylka,S (2338) Dzwirzyno 2019}) 15. h4 cxd4 16. cxd4 Na5 17. Bd3 Rxc1 18. Rxc1 Nc6 19. Bb5 {[#] d5 is the strong threat.} a6 20. Bxc6 Bxc6 21. e5 Rc8 22. Bf6 Bf8 23. h5 Bb7 24. hxg6 Rxc1+ 25. Qxc1 {[#] Hoping for gxh7+.} fxg6 26. Qe3 {Accuracy: White = 64%, Black = 87%.} 1/2-1/2

[Event "Peace Tournament 2019"]
[Site "Zagreb"]
[Date "2019.11.21"]
[Round "3.5"]
[White "Stevic, Hrvoje"]
[Black "Bacrot, Etienne"]
[Result "1/2-1/2"]
[WhiteElo "2563"]
[BlackElo "2669"]
[Annotator "TA"]
[PlyCount "50"]
[EventDate "2019.11.19"]
[EventType "tourn"]
[EventCountry "CRO"]
[SourceTitle "playchess.com"]
[Source "ChessBase"]
[SourceQuality "1"]

{[%evp 21,50,36,41,29,40,26,17,15,14,21,19,20,24,20,20,17,20,20,14,12,9,13,13,4,28,12,10,10,12,12,20]} 1. e4 e5 2. Nf3 Nc6 3. Bb5 a6 4. Ba4 Nf6 5. O-O Nxe4 6. d4 b5 7. Bb3 d5 8. dxe5 Be6 9. Nbd2 Nc5 10. c3 Be7 11. Bc2 d4 12. Nb3 {[%cal Rb3d4] C83: Open Ruy Lopez: 9 c3 Be7} d3 13. Nxc5 (13. Bb1 Nxb3 14. axb3 Bf5 15. Be3 O-O 16. Bd4 Qd5 17. Re1 d2 18. Re2 Bxb1 19. Rxb1 Nxd4 20. Nxd4 {1-0 (64) Caruana,F (2827)-Mamedyarov,S (2820) Batumi 2018}) 13... dxc2 14. Qxd8+ Rxd8 ({But not} 14... Bxd8 15. Nxe6 fxe6 16. Be3 $16) 15. Nxe6 fxe6 16. Be3 Rd5 17. Rfc1 Nxe5 18. Nxe5 Rxe5 19. Rxc2 $146 ({Predecessor:} 19. a4 Kf7 {1-0 (78) Kujawski,A (2209)-Nowak,K (2288) Jastrzebia Gora 2018}) 19... Kf7 20. a4 Rd8 21. axb5 axb5 22. g3 Rd7 23. Ra7 Bc5 {The position is equal.} 24. Bxc5 Rxc5 25. Rb7 Rdd5 {Accuracy: White = 65%, Black = 71%.} 1/2-1/2

[Event "Peace Tournament 2019"]
[Site "Zagreb"]
[Date "2019.11.21"]
[Round "3.6"]
[White "Palac, Mladen"]
[Black "Cheparinov, Ivan"]
[Result "1/2-1/2"]
[WhiteElo "2550"]
[BlackElo "2679"]
[Annotator "TA"]
[PlyCount "32"]
[EventDate "2019.11.19"]
[EventType "tourn"]
[EventCountry "CRO"]
[SourceTitle "playchess.com"]
[Source "ChessBase"]
[SourceQuality "1"]

{[%evp 9,32,11,12,9,7,6,7,8,4,4,43,10,9,5,11,8,17,9,4,3,27,0,0,5,6]} 1. e4 c5 2. Nf3 d6 3. d4 cxd4 4. Qxd4 Nc6 5. Bb5 a6 6. Bxc6+ {B53: Sicilian: 2...d6: Lines with Qxd4} bxc6 7. O-O e5 8. Qa4 (8. Qd3 Nf6 9. c4 Bg4 10. Nc3 Nd7 11. Na4 Be7 12. b3 O-O 13. Ba3 c5 14. Nc3 Nb8 15. b4 Nc6 16. bxc5 dxc5 17. Qxd8 Rfxd8 18. Nd5 Bf8 19. Nd2 Rab8 20. f3 Be6 {½-½ (20) Nguyen,N (2636)-Vallejo Pons,F (2687) Changsha 2019}) 8... Qc7 9. c4 Ne7 10. c5 d5 $146 ({Predecessor:} 10... dxc5 11. Be3 Ng6 12. Nbd2 Be7 13. Qc2 O-O 14. Bxc5 {1-0 (67) Khusnutdinov,R (2470)-Tran,T (2524) Makati 2018}) 11. exd5 Nxd5 {[#]} 12. Nxe5 $1 {[%mdl 512] Hoping for Rd1.} Bxc5 (12... Qxe5 13. Qxc6+) 13. Qxc6+ Qxc6 14. Nxc6 O-O 15. Nc3 Nxc3 16. bxc3 Be6 1/2-1/2

[Event "Peace Tournament 2019"]
[Site "Zagreb"]
[Date "2019.11.22"]
[Round "4.1"]
[White "Bosiocic, Marin"]
[Black "Cheparinov, Ivan"]
[Result "1-0"]
[WhiteElo "2598"]
[BlackElo "2679"]
[Annotator "TA"]
[PlyCount "55"]
[EventDate "2019.11.19"]
[EventType "tourn"]
[EventCountry "CRO"]
[SourceTitle "playchess.com"]
[Source "ChessBase"]
[SourceQuality "1"]

{[%evp 19,55,32,16,28,41,37,85,80,70,51,63,60,108,107,116,110,243,237,248,244,249,245,252,241,388,391,387,375,408,389,443,452,453,475,502,514,528,508]} 1. c4 c5 2. Nc3 Nc6 3. Nf3 g6 4. g3 Bg7 5. Bg2 e5 6. O-O Nge7 7. a3 O-O 8. Rb1 a5 9. Ne1 d6 10. Nc2 Be6 11. Ne3 {A37: Symmetrical English vs ...g6: 4 Bg2 Bg7 5 Nf3} f5 12. Ned5 f4 13. d3 {White is better.} Bg4 $146 ({Predecessor:} 13... Bxd5 14. Nxd5 Nxd5 15. Bxd5+ Kh8 16. e3 fxg3 17. hxg3 Qd7 18. Kg2 Ne7 {1-0 (43) Donchenko,A (2615)-Gaponenko,I (2450) Riga 2019}) 14. h3 Be6 15. gxf4 Nf5 16. fxe5 Nh4 {[#]} 17. Ne4 $1 {Strongly threatening Bg5.} h6 (17... Rf5 $16) 18. exd6 $18 Nxg2 19. Kxg2 Nd4 20. Be3 ({Resist} 20. Nxc5 $6 Bxd5+ 21. cxd5 Qxd6 $16) 20... Qd7 21. Rh1 Nf5 (21... Rad8 {was called for.} 22. Bxd4 Bxd4) 22. Nb6 Qc6 23. Nxa8 {[#] And now Nc7 would win.} Rxa8 24. Bxc5 b6 25. Be3 {White is clearly winning.} Nxe3+ 26. fxe3 Be5 27. Qb3 Bf5 28. Rbf1 {Accuracy: White = 100%, Black = 10%.} 1-0

[Event "Peace Tournament 2019"]
[Site "Zagreb"]
[Date "2019.11.22"]
[Round "4.2"]
[White "Bacrot, Etienne"]
[Black "Palac, Mladen"]
[Result "1-0"]
[WhiteElo "2669"]
[BlackElo "2550"]
[Annotator "TA"]
[PlyCount "81"]
[EventDate "2019.11.19"]
[EventType "tourn"]
[EventCountry "CRO"]
[SourceTitle "playchess.com"]
[Source "ChessBase"]
[SourceQuality "1"]

{[%evp 17,81,10,13,10,20,10,29,19,16,16,19,12,19,0,14,9,15,8,18,15,41,34,34,33,31,25,37,24,60,54,60,58,82,82,127,127,123,108,154,154,156,150,162,160,162,145,167,179,169,165,227,184,170,160,346,352,770,709,447,408,1731,1623,5057,2758,841,143]} 1. e4 c5 2. Nf3 d6 3. d4 cxd4 4. Nxd4 Nf6 5. Nc3 a6 6. g3 e5 7. Nde2 Be7 8. Bg2 O-O 9. O-O b5 10. Nd5 {B91: Sicilian Najdorf: 6 g3} Nbd7 11. Nec3 Rb8 12. Be3 {White has an edge.} Nxd5 $146 ({Predecessor:} 12... b4 13. Nxe7+ Qxe7 14. Nd5 Nxd5 15. Qxd5 Bb7 16. Qa5 Nc5 17. Bxc5 dxc5 {½-½ (28) Bacrot,E (2677)-Saric,I (2692) Zagreb 2018}) 13. Nxd5 Nf6 14. Nxe7+ Qxe7 15. Qd3 Bb7 16. Rfd1 Rfd8 $1 17. c4 bxc4 18. Qxc4 Qe6 19. Qxe6 fxe6 20. f3 $36 {[%mdl 2048] White is pushing.} d5 21. exd5 exd5 22. f4 exf4 23. Bxf4 Rbc8 24. Rac1 Rxc1 25. Rxc1 Rc8 26. Rxc8+ Bxc8 $16 {[%mdl 4096] Endgame KBB-KBN} 27. Kf2 Ng4+ 28. Ke2 Nxh2 29. Bxd5+ Kf8 30. Kd3 Ke7 31. Kd4 h6 32. Kc5 g5 33. Bd6+ Kd8 (33... Kd7 $142 34. Bf8 Ng4) 34. Kb6 Ng4 35. Bc4 h5 $2 (35... Ne3 $16 {was worth a try.} 36. Be2 (36. Bxa6 Nd5+ 37. Kc5 Bxa6 $16) 36... Kd7) 36. Bxa6 $18 Bxa6 $2 (36... Ne3 37. Bc7+ Kd7) 37. Kxa6 Kd7 {[#]} 38. Bb8 $1 h4 (38... Ne3 $142 39. a4 Kc8) 39. gxh4 {White is clearly winning.} gxh4 {[#]} 40. b4 $1 {[%cal Bb2b4,Bb4b5][%mdl 32]} h3 41. b5 {Accuracy: White = 92%, Black = 46%.} 1-0

[Event "Peace Tournament 2019"]
[Site "Zagreb"]
[Date "2019.11.22"]
[Round "4.3"]
[White "Ragger, Markus"]
[Black "Stevic, Hrvoje"]
[Result "1-0"]
[WhiteElo "2669"]
[BlackElo "2563"]
[Annotator "RC"]
[PlyCount "86"]
[EventDate "2019.11.19"]
[EventType "tourn"]
[EventCountry "CRO"]
[SourceTitle "playchess.com"]
[Source "ChessBase"]
[SourceQuality "1"]
[TimeControl "40/5400+30:1800+30"]

1. d4 {[%emt 0:00:30]} d5 {[%emt 0:00:30]} 2. c4 {[%emt 0:00:00]} dxc4 {[%emt 0:00:00]} 3. e4 {[%emt 0:00:00]} e5 {[%emt 0:00:00]} 4. Nf3 {[%emt 0:00:30]} Bb4+ {[%emt 0:00:30]} 5. Nc3 {[%emt 0:00:30]} exd4 {[%emt 0:00:30]} 6. Nxd4 {[%emt 0:00:30]} Ne7 {[%emt 0:00:30]} 7. Bf4 {[%emt 0:00:00]} Ng6 {[%emt 0:00:30]} 8. Qa4+ {[%emt 0:01:00]} c6 {[%emt 0:10:30]} 9. Qxb4 {[%emt 0:00:30]} Nxf4 {[%emt 0:01:30]} 10. O-O-O {[%emt 0:00:30]} Qe7 {[%emt 0:06:30]} 11. Qxe7+ {[%emt 0:01:30]} Kxe7 {[%emt 0:00:30]} 12. Nf5+ {[%emt 0:00:30]} Bxf5 {[%emt 0:02:30]} 13. exf5 {[%emt 0:00:30]} Re8 {[%emt 0:32:30]} 14. Bxc4 {[%emt 0:11:30]} b5 {[%emt 0:00:30]} 15. Rhe1+ {[%emt 0:18:30]} Kf8 {[%emt 0:00:00]} 16. Rxe8+ {[%emt 0:00:30]} Kxe8 {[%emt 0:00:00]} 17. Rd4 {[%emt 0:00:30]} bxc4 {[%emt 0:05:30]} 18. Rxf4 {[%emt 0:00:30]} Nd7 {[%emt 0:00:30]} 19. Rxc4 {[%emt 0:00:30]} c5 {[%emt 0:05:30]} 20. Rh4 {[%emt 0:15:30]} h6 {[%emt 0:01:30]} 21. Nd5 {[%emt 0:00:30]} Rc8 {[%emt 0:04:30]} 22. f6 {[%emt 0:02:30]} Kf8 {[%emt 0:06:30]} 23. fxg7+ {[%emt 0:04:30]} Kxg7 {[%emt 0:00:30]} 24. Rg4+ {[%emt 0:11:30]} Kf8 {[%emt 0:00:30]} 25. Rg8+ {[%emt 0:03:30]} Kxg8 {[%emt 0:00:00]} 26. Ne7+ {[%emt 0:00:00]} Kg7 {[%emt 0:01:00]} 27. Nxc8 {[%emt 0:00:00]} a6 {[%emt 0:00:00]} 28. Kd2 {[%emt 0:00:30]} Kf6 {[%emt 0:00:00]} 29. Nd6 {[%emt 0:00:30]} Ke6 {[%emt 0:00:30]} 30. Nc4 {[%emt 0:00:30]} Nf6 {[%emt 0:01:30]} 31. f3 {[%emt 0:00:30]} Nd5 {[%emt 0:00:30]} 32. Ne3 {[%emt 0:02:30]} Nb6 {[%emt 0:02:44]} 33. Kd3 {[%emt 0:04:30]} f5 {[%emt 0:00:49]} 34. g4 {[%emt 0:04:26]} fxg4 {[%emt 0:03:19]} 35. fxg4 {[%emt 0:00:41]} Nd7 {[%emt 0:00:08]} 36. Ke4 {[%emt 0:02:15]} Ne5 {[%emt 0:01:17]} 37. b3 {[%emt 0:03:05]} Nc6 {[%emt 0:04:29]} 38. Nd5 {[%emt 0:01:05]} a5 {[%emt 0:01:36]} 39. Ne3 {[%emt 0:03:59]} Kf6 {[%emt 0:05:38]} 40. h4 {[%emt 0:00:00]} Ke6 {[%emt 0:00:00]} 41. Nc4 {[%emt 0:09:29]} Nb4 {[%emt 0:03:00]} 42. a3 {[%emt 0:02:30]} Nc6 {[%emt 0:03:30]} 43. a4 {[%emt 0:01:30]} Nb8 {[%emt 0:00:30]} 1-0

[Event "Peace Tournament 2019"]
[Site "Zagreb"]
[Date "2019.11.22"]
[Round "4.4"]
[White "Nisipeanu, Liviu-Dieter"]
[Black "Melkumyan, Hrant"]
[Result "1/2-1/2"]
[WhiteElo "2656"]
[BlackElo "2661"]
[Annotator "TA"]
[PlyCount "46"]
[EventDate "2019.11.19"]
[EventType "tourn"]
[EventCountry "CRO"]
[SourceTitle "playchess.com"]
[Source "ChessBase"]
[SourceQuality "1"]

{[%evp 22,23,36,4]} 1. e4 e5 2. Nf3 Nf6 3. Nxe5 d6 4. Nf3 Nxe4 5. Qe2 Qe7 6. d3 Nf6 7. Nc3 Nc6 8. Bg5 Qxe2+ 9. Bxe2 Be7 10. O-O-O Bd7 11. h3 O-O-O 12. Rhe1 {Predecessor:} Rde8 $146 13. d4 h6 14. Bh4 g5 15. Bg3 a6 16. d5 Nb8 17. a3 Nh5 18. Bh2 g4 19. hxg4 Bxg4 20. Nd4 Bxe2 21. Rxe2 Bg5+ 22. Kb1 Rxe2 23. Ncxe2 Re8 {½-½ (23) Situru,N (2358)-Tirto (2402) Kuala Lumpur 2010} 1/2-1/2

[Event "Peace Tournament 2019"]
[Site "Zagreb"]
[Date "2019.11.22"]
[Round "4.5"]
[White "Kozul, Zdenko"]
[Black "Ivanchuk, Vassily"]
[Result "1/2-1/2"]
[WhiteElo "2593"]
[BlackElo "2679"]
[Annotator "TA"]
[PlyCount "85"]
[EventDate "2019.11.19"]
[EventType "tourn"]
[EventCountry "CRO"]
[SourceTitle "playchess.com"]
[Source "ChessBase"]
[SourceQuality "1"]

{[%evp 11,85,9,0,-2,5,13,27,20,19,3,9,0,0,0,-3,0,19,11,20,7,43,31,46,37,48,33,45,45,39,44,66,14,49,14,15,15,27,0,0,0,5,8,3,-6,-6,-31,-52,-30,0,-19,-22,-44,-30,-33,-39,-34,-35,-37,-37,-55,-56,-54,-35,-52,0,0,0,0,0,0,0,0,0,0,0,0]} 1. d4 e6 2. c4 Nf6 3. g3 Bb4+ 4. Bd2 Be7 5. Bg2 d5 6. Nf3 c6 7. O-O {E11: Bogo-Indian} Nbd7 8. Qc2 b6 9. cxd5 {White has an edge.} cxd5 10. Nc3 {[%cal Bb1c3,Bc3a2,Ba2c1,Bc1d3][%mdl 32]} Bb7 11. Rfd1 $146 ({Predecessor:} 11. Rfc1 O-O 12. e3 Rc8 13. Qb3 a6 14. Ne2 Rc4 15. Nf4 {½-½ (53) Hungaski,R (2496)-Anton Guijarro,D (2648) Neuquen 2017}) 11... Rc8 12. Qb3 O-O 13. a4 {[%cal Ba2a4,Ba4a5][%mdl 32]} a6 14. a5 b5 15. Na2 Nb8 16. Bb4 Nc6 17. Bxe7 $1 Qxe7 18. Nc1 $1 Rc7 19. Nd3 Rfc8 20. e3 Nd7 21. Rdb1 ({Better is} 21. Qa3 $14) 21... g6 22. Qd1 e5 23. dxe5 Ncxe5 24. Nfxe5 Nxe5 25. Nf4 d4 26. exd4 {[#] Hoping for Bxb7.} Bxg2 27. Kxg2 Rd8 28. d5 g5 29. Nh5 Rcd7 30. Qe2 Rxd5 {[#] White must now prevent ...Rd2.} 31. Rd1 Qd6 32. Rxd5 Qxd5+ 33. f3 {aiming for Nf6+.} Qd2 34. Re1 Kf8 35. Nf6 h6 36. Ne4 Qxa5 37. Qe3 {Strongly threatening Qc5+.} Qb4 (37... Kg7 $15) 38. Re2 {And now Qb6 would win.The position is equal.} Ng6 39. Qb6 Re8 40. Qxa6 Re6 41. Qc8+ Kg7 42. Qc2 Qc4 43. b3 {Accuracy: White = 66%, Black = 44%.} 1/2-1/2

[Event "Peace Tournament 2019"]
[Site "Zagreb"]
[Date "2019.11.22"]
[Round "4.6"]
[White "Zelcic, Robert"]
[Black "Dreev, Aleksey"]
[Result "1-0"]
[WhiteElo "2526"]
[BlackElo "2671"]
[Annotator "TA"]
[PlyCount "117"]
[EventDate "2019.11.19"]
[EventType "tourn"]
[EventCountry "CRO"]
[SourceTitle "playchess.com"]
[Source "ChessBase"]
[SourceQuality "1"]

{[%evp 17,117,53,50,48,61,44,37,31,44,30,41,39,37,31,98,93,96,93,224,223,218,214,333,326,316,278,285,278,310,294,301,275,291,170,233,216,224,234,227,229,331,318,323,231,225,205,255,272,258,260,262,236,236,228,237,230,235,248,249,241,248,228,239,234,279,256,386,386,905,920,942,935,816,870,783,857,734,635,918,920,1092,1009,1170,1158,29975,29976,29972,29971,7239,5700,29980,29981,29986,29982,29985,29983,29983,29984,29984,29985,29985,29986]} 1. e4 c5 2. Nf3 e6 3. Nc3 Nc6 4. d4 cxd4 5. Nxd4 Nf6 6. Ndb5 d6 7. Bf4 e5 8. Bg5 a6 9. Na3 Be6 10. Nc4 {B33: Sicilian: Pelikan and Sveshnikov Variations} Rb8 11. Nd5 Bxd5 12. exd5 {White is slightly better.} Ne7 13. Bxf6 gxf6 {[#]} 14. g3 $146 ({Predecessor:} 14. a4 f5 15. a5 Bg7 16. g4 f4 17. Bg2 Rc8 {1-0 (35) Kryvoruchko,Y (2693)-Iturrizaga Bonelli,E (2650) Monzon 2016}) 14... h5 15. Bh3 Bh6 (15... Qc7 $14 16. Ne3 Bh6) 16. Qf3 $16 Nc8 17. O-O b5 {[#]} (17... h4 $16) 18. Na5 $1 $18 {[%cal Ra5c6][%mdl 64] Deflection} Qxa5 19. Qxf6 Rg8 (19... Rh7 $142) 20. Qxh6 Qb4 21. c3 ({But not} 21. Qxh5 Ne7 $18) 21... Qe4 22. Qxh5 Ne7 23. Bg2 Qg6 24. Qxg6 Nxg6 25. b4 (25. a4 $142) 25... Ke7 (25... f5 {was called for.} 26. a4 Kf7 27. axb5 axb5) 26. a4 f5 27. axb5 axb5 28. Ra6 Rgc8 (28... Rgd8 $142 29. Rd1 Rb7) 29. Bh3 Rf8 30. Rfa1 e4 31. Rc6 {Threatens to win with Ra7+.} Rb7 32. Raa6 Rd7 33. Bf1 Rb8 34. Rcb6 Rxb6 35. Rxb6 {[%mdl 4096] Endgame KRB-KRN} Rc7 36. Bh3 ({Don't play} 36. Bxb5 $6 Rxc3 37. Rb8 Ne5 $16) 36... f4 37. Bf5 {[%mdl 64] Double Attack} ({Less strong is} 37. Rxb5 Rxc3 38. Bf1 Rc1 $14) 37... Ne5 38. gxf4 Nf3+ 39. Kh1 Rxc3 {And now ...Nh4 would win.} 40. Bxe4 Nh4 {[%cal Rc3c1] [#]} 41. h3 $1 Rc4 (41... Rxh3+ $142 42. Kg1 Rc3 43. Rxb5 Nf3+ 44. Kg2 Ne1+ 45. Kf1 Nf3) 42. f3 Rxb4 $2 (42... Rc3 43. Rxb5 Nxf3 44. Rb7+ Kf6) 43. Kh2 Rb2+ 44. Kg3 Ng2 45. Rb7+ Kf6 46. Rd7 Ne3 47. Rxd6+ Kf7 48. f5 Nc4 49. Rc6 Ne5 50. Ra6 b4 51. Ra7+ Kf6 52. Kf4 Nc4 53. Ra6+ Kf7 54. Rc6 {White mates.} Na5 55. Rc5 Ra2 56. d6 Kf6 57. Bd5 b3 58. d7 Ra4+ 59. Kg3 {Accuracy: White = 85%, Black = 53%.} 1-0

[Event "Peace Tournament 2019"]
[Site "Zagreb"]
[Date "2019.11.23"]
[Round "5"]
[White "Cheparinov, Ivan"]
[Black "Bacrot, Etienne"]
[Result "1/2-1/2"]
[WhiteElo "2679"]
[BlackElo "2669"]
[Annotator "ChessBase"]
[PlyCount "65"]
[EventDate "2019.??.??"]
[EventCountry "CRO"]
[SourceTitle "playchess.com"]
[Source "ChessBase"]
[SourceQuality "1"]
[TimeControl "40/5400+30:1800+30"]

1. d4 d5 2. Nf3 e6 3. c4 Be7 4. Nc3 Nf6 5. Bf4 O-O 6. e3 b6 7. Bd3 Ba6 8. cxd5 Nxd5 9. Nxd5 Qxd5 10. O-O Rc8 11. Re1 Bxd3 12. Qxd3 Nd7 13. e4 Qb7 14. Rad1 Re8 15. d5 exd5 16. exd5 Bd6 17. Qb5 Nf6 18. Be5 a6 19. Qb3 Nd7 20. Bxd6 cxd6 21. Nd4 Nf6 22. Nc6 Qd7 23. h3 b5 24. a4 bxa4 25. Qxa4 Qb7 26. Qa3 Nxd5 27. Qxd6 Nf6 28. Nd8 Rxe1+ 29. Rxe1 Qd7 30. Qxd7 Nxd7 31. Nc6 Kf8 32. Rd1 Rc8 33. Nb4 1/2-1/2